| 000 | 00447nam a2200133Ia 4500 | ||
|---|---|---|---|
| 008 | 170221s9999 xx 000 0 und d | ||
| 100 | _aSarah Thornsberry | ||
| 245 | _aMore Burden than Benefit? Analysis of the Benefit Corporation Movement in California | ||
| 245 | _cSarah Thornsberry | ||
| 260 | _c2014 | ||
| 300 | _a12 : 1 | ||
| 650 | _xBusiness | ||
| 856 | _uhttp://digitalcommons.pepperdine.edu/cgi/viewcontent.cgi?article=1105&context=jbel | ||
| 999 |
_c311549 _d311549 |
||